[Event "ISR-ch"]
[Site "Tiberias"]
[Date "2016.12.10"]
[Round "6"]
[White "Gershkowich, David"]
[Black "Lovin, Boris"]
[Result "1-0"]
[WhiteElo "2191"]
[BlackElo "2254"]
[PlyCount "61"]
[EventDate "2016.12.05"]
[EventType "swiss"]
[EventRounds "9"]
[EventCountry "ISR"]
[SourceTitle "CBM 176 Extra"]
[Source "ChessBase"]
[SourceDate "2017.03.02"]
[SourceVersion "1"]
[SourceVersionDate "2017.03.02"]
[SourceQuality "1"]

1. e4 c5 2. Nf3 Nc6 3. d4 cxd4 4. Nxd4 e5 5. Nb5 a6 6. Nd6+ Bxd6 7. Qxd6 Qf6 8. Qd1 Qg6 9. Nc3 Nge7 10. Be3 d5 11. exd5 Nb4 12. Bd3 Nxd3+ 13. Qxd3 Bf5 14. Qd2 Bxc2 15. 0-0 Qd3 16. Rad1 e4 17. Qc1 Bxd1 18. Rxd1 Qc4 19. d6 Rd8 20. dxe7 Kxe7 21. Re1 Rc8 22. Qd1 Rhd8 23. Qh5 h6 24. h3 Kf8 25. Bxh6 gxh6 26. Qxh6+ Kg8 27. Nxe4 f5 28. Nf6+ Kf7 29. Nh5 Qd4 30. Qh7+ Kf8 31. Qe7+ 1-0